LIBRARY & INFORMATION CENTRE, KCAET, TAVANUR

ONLINE PUBLIC ACCESS CATALOGUE (OPAC)

Objective Agricultural MIicrobiology at a Glance (Record no. 14742)

MARC details
000 -LEADER
fixed length control field 00398nam a22001577a 4500
020 ## - INTERNATIONAL STANDARD BOOK NUMBER
ISBN 9789384007461
082 ## - DEWEY DECIMAL CLASSIFICATION NUMBER
Classification number 576.
Item number VER/OB
100 ## - MAIN ENTRY--AUTHOR NAME
Personal name Verma,Deepak Kumar
100 ## - MAIN ENTRY--AUTHOR NAME
Personal name Mohapatra,Balaram
100 ## - MAIN ENTRY--AUTHOR NAME
Personal name Srivastava,Shikha
245 ## - TITLE STATEMENT
Title Objective Agricultural MIicrobiology at a Glance
250 ## - EDITION STATEMENT
Edition statement 1
260 ## - PUBLICATION, DISTRIBUTION, ETC. (IMPRINT)
Place of publication New Delhi
Name of publisher Medtec
Year of publication 2015
300 ## - PHYSICAL DESCRIPTION
Number of Pages 176
942 ## - ADDED ENTRY ELEMENTS (KOHA)
Koha item type Book Bank scheme for SC students
Holdings
Withdrawn status Lost status Damaged status Collection code Home library Current library Shelving location Date acquired Source of acquisition Cost, normal purchase price Full call number Accession Number Koha item type
        KAUAET KAUAET Scheme 26/08/2016 Dream Tech Publishers & Book Sellers, Trivandrum. 175.00 576. VER/OB BB 351 Book Bank scheme for SC students
free website counter